| 000 | 00644na a2200241 4500 | ||
|---|---|---|---|
| 001 | 16765 | ||
| 003 | MIRAKIL | ||
| 005 | 20181213154832.0 | ||
| 008 | 161013b tu 000 0 | ||
| 040 |
_aMilas _btur _cTR-AnCHP |
||
| 041 | _atur | ||
| 082 |
_a070.92 _bİ58t 1999 |
||
| 090 | _a070.92 İ58t 1999 | ||
| 100 | _aİnuğur, M. Nuri | ||
| 245 |
_aTürk basınında iz bırakanlar _cM. Nuri İnuğur |
||
| 250 | _agnşl. 2. bs. | ||
| 260 |
_aİstanbul _bDer Yayınevi _c1999 |
||
| 300 |
_a254 s. _c24 sm. |
||
| 490 |
_aDer Yayınevi _v53 |
||
| 504 | _aKaynakça var. | ||
| 650 |
_aGazetecilik _xTürkler _yTarih |
||
| 942 |
_2ddc _cBKS |
||
| 999 |
_c1694 _d1694 |
||